Nie Ayrton Senna, ale Michael Schumacher! Majstrovstvá sveta 1998 monopostov F1 v číslach

Bibliographic Details
Format: Article
Language:Slovak
PhysicalDescription:Fotogr.
Subjects:

MARC

LEADER 00000nab a2200000 a 4500
001 vtls000675128
003 SK-MaSNL
005 20260303122101.0
008 040806c1998 xo 0 slo
015 |a SNBRB1998/11-24423 
035 |a CLN000027303 
040 |a SNKBUCL  |b slo  |c SNKBUCL  |e AACR2 
041 0 |a slo 
044 |a xo  |c SK 
080 |a 796.71.093.1  |x (100)  |2 UDC-MRF-SK2 
245 0 0 |a Nie Ayrton Senna, ale Michael Schumacher!  |b Majstrovstvá sveta 1998 monopostov F1 v číslach 
300 |b Fotogr. 
611 2 7 |a Majstrovstvá sveta formuly 1  |d (1998 :  |c Argentína)  |2 snkbucl  |9 1136343 
650 0 7 |a automobilizmus  |2 snkbucl  |9 13242 
655 7 |a články z novín a časopisov  |2 snkbucl  |9 267496 
773 0 |t Šport  |g Roč. 52, č. 267 (18.11.1998), s. 26 
850 |a Slovenská národná knižnica v Martine 
852 |a SNK  |b KIS3GCP 
999 |c 1919021  |d 1920951